• 首页
  • 本馆介绍
  • 公告通知
  • 最新文献
  • 馆藏检索
  • 电子资源
  • 读者导购
  • 参考咨询
  • 我的图书馆
  • 登录
  • 详细信息显示
  • 放入我的书架
  • 预约/预借图书
  • 作者相关作品
  • 分类相关作品
  • 丛书相关作品
  • 出版社相关作品

书目信息

  • 表格格式
  • 工作单格式
  • 卡片格式
题名:
新订大学英语常用词组例解
    
 
作者: 李慰萱 , 吴光朗 编
分册:  
出版信息: 厦门   厦门大学出版社  1986.10
页数: 418页
开本: 20cm
丛书名:
单 册:
中图分类: H313.3
科图分类:
主题词: 英语
电子资源:
ISBN:
000 00581nam0 2200205 45
001 0405060868
005 20060522163703.82
010    @dCNY2.30
091    @a9407.002
100    @a20040506d1986 km y0chiy0120 ea
101 0  @achi
200 1  @a新订大学英语常用词组例解@AXin Ding Da Xue Ying Yu Chang Yong Ci Zu Li Jie@f李慰萱,吴光朗编@FLi Wei Xuan,Wu Guang Lang Bian
210    @a厦门@c厦门大学出版社@d1986.10
215    @a418页@d20cm
606 0  @a英语
690    @aH313.3@v3
701  0 @a李慰萱@4编
701  0 @a吴光朗@4编
801    @aCN@bPftUser@c20060522
905    @dH313.3@e113
    
    新订大学英语常用词组例解/李慰萱,吴光朗编.-厦门:厦门大学出版社,1986.10
    418页;20cm
    
    
    ISBN :CNY2.30
    
●
相关链接 在E读中查询图书 在五车中查询图书 在当当中查询图书 在豆瓣中查询图书


正题名:新订大学英语常用词组例解     索取号:H313.3/113         预约/预借

序号 登录号 条形码 馆藏地/架位号 状态 备注
1 0202493   001384656   第二样本阅览室/ [索取号:H313.3/113] 在馆    
2 0202494   001384692   第四借阅区/ [索取号:H313.3/113] 在馆    
3 0202495   001384665   第四借阅区/ [索取号:H313.3/113] 在馆    
4 0202496   001384736   第四借阅区/ [索取号:H313.3/113] 在馆    
5 0202497   202370479   密集书库/ [索取号:H313.3/113] 在馆    
唐山师范学院图书馆 欢迎您!
大连网信软件有限公司© 版权所有